00683cam a22002171a 45000010008000000030004000080050017000120080041000290100017000700350019000870400009001060420012001150500022001270820015001491000033001642450120001972600035003173000041003525040039003936000033004327984162OSt20200518140902.0810709s1955 enk 001 0 eng  asa 64006831  a(OCoLC)7567692 coclc apremarc00aBP161b.A335 1955 a297bALI/S aAli, Syed Ameer d1849-1928.14aThe spirit of Islam :ba history of the evolution and ideals of Islam, with a life of the Prophet /cSyed Ameer Ali aLondon :bChristophersc[1955] a515 p. :bfront. (facsim.) ;c22 cm. aBibliographical index: p. 513-515.00aMuḥammad,cProphet,d-632.